[Event "Hofheim Spring op-C 2nd"]
[Site "Hofheim"]
[Date "2014.04.24"]
[Round "2"]
[White "Roessler, Lukas"]
[Black "Keller, Nikki"]
[Result "0-1"]
[WhiteElo "1241"]
[BlackElo "1103"]
[PlyCount "146"]
[EventDate "2014.04.23"]
[EventType "swiss"]
[EventRounds "7"]
[EventCountry "GER"]
[SourceTitle "CBM 160 Extra"]
[Source "ChessBase"]
[SourceDate "2014.07.01"]
[SourceVersion "1"]
[SourceVersionDate "2014.07.01"]
[SourceQuality "1"]

1. e4 e5 2. Nf3 Nc6 3. Bc4 Nf6 4. d4 exd4 5. e5 Qe7 6. 0-0 Ng8 7. Re1 a6 8. Bg5 Qc5 9. Bb3 Be7 10. Na3 b5 11. Qd3 f6 12. exf6 gxf6 13. Bxg8 fxg5 14. Bxh7 Rf8 15. c4 bxc4 16. Nxc4 Bb7 17. Nce5 0-0-0 18. Ng6 Rfe8 19. Rac1 Qd6 20. Nge5 Qf6 21. Nxd4 Nxe5 22. Qg3 Bd6 23. Nf5 Nf7 24. Nxd6+ Qxd6 25. Rxe8 Rxe8 26. Qb3 Qe6 27. Qc3 c6 28. a4 Qe5 29. h3 Qxc3 30. Rxc3 Re1+ 31. Kh2 d5 32. b4 d4 33. Rc4 Rd1 34. b5 Nd6 35. Rc5 axb5 36. axb5 Nxb5 37. Be4 Kc7 38. Rxg5 Kb6 39. g4 d3 40. f4 d2 41. h4 Rh1+ 42. Bxh1 d1Q 43. h5 Qd4 44. Kg3 Qe3+ 45. Bf3 Nd4 46. h6 Qxf3+ 47. Kh4 Ne2 48. Kh5 Qh3+ 49. Kg6 Nxf4+ 50. Kh7 Bc8 51. Rh5 Qd3+ 52. Kh8 Nxh5 53. g5 Qd8+ 54. Kh7 Bf5+ 55. g6 Nf6+ 56. Kg7 Qf8+ 57. Kxf8 Bxg6 58. Kg7 Bd3 59. Kxf6 c5 60. Ke5 Kc6 61. Kf4 c4 62. Ke3 Kd5 63. Kd2 Kd4 64. Kd1 Ke3 65. Ke1 c3 66. Kd1 c2+ 67. Kc1 Ke2 68. h7 Bxh7 69. Kb2 Kd2 70. Kb3 c1Q 71. Ka4 Bd3 72. Ka5 Qb1 73. Ka4 Bc4 0-1